000 00289nam a22001337a 4500
008 170908b xxu||||| |||| 00| 0 eng d
020 _a9780674344815
041 _aeng
080 _a91
100 _a42
101 _aGJEO
245 _aGENESIS AND GEOLOGY
_cRUPKE, N.A
942 _2udc
_cBK
999 _c26709
_d26709